000 01035nam a2200253Ia 4500
003 OSt
005 20220923222645.0
006 a|||||r|||| 00| 0
007 ta
008 220922b |||||||| |||| 00| 0 hin d
024 _a206,836
037 _cTextual
040 _aARTS
_cARTS
_bhin
041 _2hin
_ahin
082 _aO152,6N07x, L6
100 _aवर्मा, परिपूर्णानन्द
245 0 _aबीती यादें
_b कतिपय राजनैतिक तथा साहित्य महापुरुषो की अज्ञात बातें
246 _aBītī yādean: katipaya rājanaitik tathā sāhitya hināpuruṣho kī ajnyāt bātean
260 _aदिल्ली
_b पूर्वोदय प्रका0
_c1976
300 _a183पृ.
_ccm.
650 _aहिन्दी साहित्य
_9156264
942 _hO152,6N07x, L6
_cTEXL
_2CC
999 _c357466
_d357466